The "Akkadian" texts, the Enlilemaba texts, and the Onion Archive /

محفوظ في:

المؤلف الرئيسي: Westenholz, Aage (مؤلف)

التنسيق: كتاب

اللغة: English

منشور في: Copenhagen : Museum Tusculanum Press, 1987.

سلاسل: Carsten Niebuhr Institute of Near Eastern Studies ; 3.
CNIP ; 3.
Old Sumerian and Old Akkadian texts in Philadelphia ; 2.

الموضوعات:

الوسوم: إضافة وسم

لا توجد وسوم, كن أول من يضع وسما على هذه التسجيلة!

رقم الطلب: DS41 .C62 v.3

LEADER 01214namaa2200313 4500
003 OSt
005 20260305064050.0
008 130303s1987 dk a 001 0 eng d
020 |a 8772890088 
040 |c ARCE Library 
050 4 |a DS41 .C62 v.3 
100 1 |a Westenholz, Aage,  |e author 
245 1 4 |a The "Akkadian" texts, the Enlilemaba texts, and the Onion Archive /   |c by Aage Westenholz. 
264 1 |a Copenhagen :   |b Museum Tusculanum Press,   |c 1987. 
300 |a 204 pages :  |b illustrations ;  |c 24 cm. 
490 1 |a Carsten Niebuhr Institute of Near Eastern Studies ;   |v 3. 
490 1 |a CNIP ;   |v 3. 
490 1 |a Old Sumerian and Old Akkadian texts in Philadelphia ;   |v 2. 
500 |a "The Carsten Niebuhr Institute of Ancient Near Eastern Studies."  
500 |a Includes texts and translations of tablets housed in the University Museum of Philadelphia. 
500 |a Includes indexes. 
650 0 |a Akkadian language  |v Texts. 
650 0 |a Sumerian language  |v Texts. 
830 0 |a Carsten Niebuhr Institute of Near Eastern Studies ;   |v 3. 
830 0 |a CNIP ;   |v 3. 
830 0 |a Old Sumerian and Old Akkadian texts in Philadelphia ;   |v 2. 
901 |a reviewed 
942 |c BK  |2 lcc 
999 |c 7452  |d 7452